Vplyv migrény na podnikovú ekonomiku

Migréna, jej vplyv na zamestnancov a potenciálne opatrenia, ako tento problém adresovať. Výsledky výskumu nepreukázali prepojenie migrény a pociťovaného zaťaženia. Zistenie, že športové aktivity majú pozitívny vplyv na výskyt migrény.

Salvato in:
Dettagli Bibliografici
Autore principale: Zagoršek, Branislav, 1984-
Natura: Capitolo di libro
Lingua:slovacco
Soggetti:
Tags: Aggiungi Tag
Nessun Tag, puoi essere il primo ad aggiungerne!!

MARC

LEADER 00000nla a2200000 4500
001 0240271
005 20240502073912.8
041 0 |a slo 
044 |a SK 
245 1 0 |a Vplyv migrény na podnikovú ekonomiku  |c Branislav Zagoršek 
520 |a Migréna, jej vplyv na zamestnancov a potenciálne opatrenia, ako tento problém adresovať. Výsledky výskumu nepreukázali prepojenie migrény a pociťovaného zaťaženia. Zistenie, že športové aktivity majú pozitívny vplyv na výskyt migrény. 
610 2 0 |a chorobnosť 
610 2 0 |a práceneschopnosť 
610 2 0 |a výkonnosť podniku 
610 2 0 |a náklady 
610 2 0 |a prevencia 
610 2 0 |a šport 
100 1 |a Zagoršek, Branislav, 1984-